| 000 | 00500nmm a2200145Ia 4500 | ||
|---|---|---|---|
| 008 | 251105s9999||||xx |||||||||||||||||und|| | ||
| 041 | _aspa | ||
| 100 | _aOlivos Lombana, Andrés | ||
| 245 | 0 | _aProstitución y "mujeres públicas" en Bogotá, 1886-1930 | |
| 264 |
_a[Bogotá, Colombia] : _bEditorial Pontificia Universidad Javeriana, _c2018 |
||
| 300 | _a316 páginas | ||
| 650 | _aHistory of the Americas: Latin America | ||
| 856 | _uhttps://public.digitaliapublishing.com/a/59779 | ||
| 942 | _cCF | ||
| 999 |
_c106597 _d106597 |
||